| 000 | 00000nam##2200000za#4500 |
| 001 | 9.588523 |
| 003 | CaOODSP |
| 005 | 20210624195150 |
| 007 | cr ||||||||||| |
| 008 | 150406|1989||||xxc|||||o f|0| 0 eng|d |
| 040 | |aCaOODSP|beng |
| 041 | |aeng |
| 041 | |afre |
| 043 | |an-cn--- |
| 086 | 1 |aCS92-N0060/12-1989-PDF |
| 245 | 00|aQuestions 30 to 42: labour market / |h[electronic resource]|c[by] : A. Gardner et al. |
| 260 | |aOttawa - Ontario : |bStatistics Canada |c1989. |
| 490 | 1 |aNational census test|vNo. 18 |
| 500 | |aHistorical census publication digitized by Statistics Canada. Digitized copy of the French edition was not created. Some text in French. |
| 590 | |a13-04-Supp|b2013-02-13 |
| 690 | 07|aCensus data|2gcpds |
| 690 | 07|aLabour market|2gcpds |
| 710 | 2 |aStatistics Canada. |
| 792 | |t[Questions 30 à 42: marché du travail] / |efre|w(CaOODSP)9.588524 |
| 830 | #0|aNational Census test ;|vNo. 18|w(CaOODSP)9.500681 |
| 856 | 40|ahttp://publications.gc.ca|qPDF|s1.3 MB|uhttps://publications.gc.ca/collections/collection_2013/statcan/rh-hc/CS92-N0060-12-1989-eng.pdf|yNo. 18 |